Logo BPK

Biblioteka

Politechniki Koszalińskiej

The Travel Diary of Peter Tolstoi : (Rekord nr 47704)

Szczegóły MARC
000 -ETYKIETA REKORDU
podpole kontrolne o stałej długości 00882nam a2200253 i 4500
001 - NUMER KONTROLNY REKORDU
pole kontrolne bgj
020 ## - MIĘDZYNARODOWY ZNORMALIZOWANY NUMER KSIĄŻKI - ISBN
ISBN 0875801307
040 ## - ŹRÓDŁO KATALOGOWANIA
Instytucja, która utworzyła rekord BPK
041 0# - KOD JĘZYKA
Kod języka tekstu eng
Kod języka oryginału rus
920 ## - Międzynarodowy znormalizowany numer książki – ISBN
ISBN 0-87580-130-7
008 - POLE O STAŁEJ DŁUGOŚCI - DANE KONTROLNE
podpole kontrolne o stałej długości s uk f |000 0 eng
100 1# - NAZWA OSOBOWA
Nazwa osobowa TOLSTOI, Peter [Andreevich]
Daty związane z nazwą (1645-1729)
245 10 - TYTUŁ/ODPOWIEDZIALNOŚĆ
Tytuł The Travel Diary of Peter Tolstoi :
Ciąg dalszy tytułu a Muscovite in early modern Europe /
Pozostałe elementy strefy tytułu i oznaczenia odpowiedzialności Peter Tolstoi ; translated by Max J. Okenfuss.
260 ## - STREFA ADRESU WYDAWNICZEGO
Miejsce wydania DeKalb, Il :
Nazwa wydawcy/dystrybutora Northern Illinois University Press,
Data publikacji, dystrybucji/powstania dokumentu 1987.
300 ## - STREFA OPISU FIZYCZNEGO
Objętość [XXXIX], 359 pp :
Inne cechy fizyczne ill. ;
Rozmiary 25 cm.
504 ## - UWAGA DOTYCZĄCA BIBLIOGRAFII
Informacje o bibliografii Bibliography p. 341-344.
505 ## - SFORMALIZOWANA UWAGA DOTYCZĄCA ZAWARTOŚCI
Pełny tekst uwagi Includes index.
600 19 - HASŁO PRZEDMIOTOWE W FORMIE NAZWY OSOBOWEJ
Nazwa osobowa Tolstoi, Petr Andreevich, graf, 1645-1729
Określnik ogólny Journeys
650 #9 - HASŁO PRZEDMIOTOWE W FORMIE NAZWY OGÓLNEJ LUB JEDNOSTKOWEJ
Nazwa ogólna lub geograficzna Statesmen
Określnik geograficzny Soviet Union
651 #9 - HASŁO PRZEDMIOTOWE W FORMIE NAZWY GEOGRAFICZNEJ
Nazwa geograficzna Europe
Określnik ogólny Description and travel
Określnik chronologiczny 17th-18th centuries
655 ## - TERMIN INDEKSOWY - OKREŚLENIE RODZAJU/FORMY DOKUMENTU
Określenie rodzaju/formy dokumentu Biographies
700 1# - HASŁO DODATKOWE - NAZWA OSOBOWA
Nazwa osobowa OKENFUSS, Max J.
Określenie związku między hasłem a opisywanym materiałem transl.
856 ## - LOKALIZACJA I DOSTĘP DO ELEKTRONICZNYCH DOKUMENTÓW ZDALNYCH
Link (URL) http://koha.tu.koszalin.pl/cgi-bin/koha/opac-detail.pl?biblionumber=47704
Tekst linku Katalog online BPK
942 ## - DODATKOWE ELEMENTY (KOHA)
Typ dokumentu Książka
Egzemplarze
Wycofany Status egzemplarza Uszkodzony Dostępność Lokalizacja stała Lokalizacja bieżąca Miejsce przechowywania Sygnatura Kod kreskowy Typ dokumentu
      Dostępny Biblioteka Politechniki Koszalińskiej Biblioteka Politechniki Koszalińskiej Wypożyczalnia Językowa KA 4253 09019751 Książka
      Dostępny Biblioteka Politechniki Koszalińskiej Biblioteka Politechniki Koszalińskiej Wypożyczalnia Językowa KA 4254 09019744 Książka
© 2023 Biblioteka Politechniki Koszalińskiej :: KOHA